000 00892nam a2200253Ia 4500
003 GCL
008 140319s9999 xx 000 0 ara d
040 _aGCL /
_cGCL
082 0 4 _a810.9027
_bي ت
100 1 _aيحيى ابراهيم عبدالدايم
245 1 0 _aالترجمة الذاتية فى الادب العربى الحديث /
_cيحيى ابراهيم عبدالدايم
300 _a504 ص
490 _aالهيئة العامة للاستعلامات
_v0
650 0 4 _aالتراجم الذاتية
650 0 4 _aعباس محمود العقاد
650 0 4 _aطه حسين
650 0 4 _aميخائيل نعيمة
650 0 4 _aمحمد حسين هيكل
650 0 4 _aاحمد امين
650 0 4 _aاحمد لطفى السيد
650 0 4 _aالادب العربى - العصر الحديث
650 0 4 _aعبدالعزيز فهمى
942 _2ddc
_cBK
999 _c49611
_d49611